Contribution of watershed classification in phnom chiso area, វិភាគទាននៃការរៀបចំចំណាត់ថ្នាក់ទីជំរាលនៅតំបន់ភ្នំជីសូរ (Record no. 3248)
[ view plain ]
| 000 -LEADER | |
|---|---|
| fixed length control field | 00581nam a22001577a 4500 |
| 003 - CONTROL NUMBER IDENTIFIER | |
| control field | OSt |
| 005 - DATE AND TIME OF LATEST TRANSACTION | |
| control field | 20151108143138.0 |
| 008 - FIXED-LENGTH DATA ELEMENTS--GENERAL INFORMATION | |
| fixed length control field | 151108b xxu||||| |||| 00| 0 eng d |
| 040 ## - CATALOGING SOURCE | |
| Transcribing agency | RUA |
| 082 ## - DEWEY DECIMAL CLASSIFICATION NUMBER | |
| Classification number | FOR TOL 2003 B129 Or.1 |
| 100 ## - MAIN ENTRY--PERSONAL NAME | |
| 9 (RLIN) | 3482 |
| Personal name | TOL, SOKCHEA. |
| 245 ## - TITLE STATEMENT | |
| Title | Contribution of watershed classification in phnom chiso area, វិភាគទាននៃការរៀបចំចំណាត់ថ្នាក់ទីជំរាលនៅតំបន់ភ្នំជីសូរ |
| 260 ## - PUBLICATION, DISTRIBUTION, ETC. (IMPRINT) | |
| Place of publication, distribution, etc. | Phnom Penh |
| Name of publisher, distributor, etc. | RUA |
| Date of publication, distribution, etc. | 2003 |
| 300 ## - PHYSICAL DESCRIPTION | |
| Extent | 44p. |
| Other physical details | ill. |
| Dimensions | 29cm. |
| 942 ## - ADDED ENTRY ELEMENTS (KOHA) | |
| Source of classification or shelving scheme | |
| Koha item type | FOR |
| Price effective from | Date last seen | Permanent Location | Not for loan | Date acquired | Source of classification or shelving scheme | Koha item type | Barcode | Lost status | Damaged status | Shelving location | Withdrawn status | Current Location | Full call number |
|---|---|---|---|---|---|---|---|---|---|---|---|---|---|
| 2015-11-08 | 2015-11-08 | Library Block B | 2015-11-08 | FOR | RUA028254 | B129 | Library Block B | FOR TOL 2003 B129 Or.1 | |||||
| 2015-11-08 | 2015-11-08 | Library Block B | 2015-11-08 | FOR | RUA028435 | B129 | Library Block B | FOR TOL 2003 B129 Or.2 | |||||
| 2015-11-08 | 2015-11-08 | Library Block B | 2015-11-08 | FOR | RUA028258 | B129 | Library Block B | FOR TOL 2003 B129 Or.3 | |||||
| 2015-11-08 | 2015-11-08 | Library Block B | 2015-11-08 | FOR | RUA028402 | B129 | Library Block B | FOR TOL 2003 B129 Or.4 | |||||
| 2015-11-08 | 2015-11-08 | Library Block B | 2015-11-08 | FOR | RUA028082 | B129 | Library Block B | FOR TOL 2003 B129 Or.5 | |||||
| 2015-11-08 | 2015-11-08 | Library Block B | 2015-11-08 | FOR | RUA028156 | B129 | Library Block B | FOR TOL 2003 B129 Or.6 |